000 00998cam a2200217 4500
001 L128791
008 050214n2003 000 0 eng u
020 _a0130932159
035 _a(Sirsi) u128791
041 _aeng
050 _a690.22
_c22
100 _aGoetsch, David L.
245 _aConstruction safety and health
260 _aUpper Saddle River, New Jersey
_bPrentice Hall
_c2003
300 _axv, 608p.
_c25cm.
350 _a55.99
520 _aThis American book focuses on making the theories and principles of construction safety and health practical and useful to US construction professionals. Part one deals with general theories and concepts; part two covers the US Occupational Safety and Health Administration's (OSHA) construction standard and related safety procedures; part three discusses application on the job; and part four looks at other safety and health issues and practices.
690 _aBUILT ENVIRONMENT
690 _aHealth and safety
_96244
942 _n0
999 _c104017
_d104017